Statistics for On This Day (May 27th) Multiple Choice

Click here to take the quiz!

General Stats

  • This quiz has been taken 6 times
  • The average score is 7 of 15

Answer Stats

QuestionAnswer% Correct
2016 – Barack Obama is the first president of United States to visit which place ?Hiroshima Peace Memorial Park, Japan
100%
1703 – Tsar Peter the Great founds which city ?Saint Petersburg
100%
1874 – The first group of Dorsland trekkers under the leadership of Gert Alberts leaves which city ?Pretoria, South Africa
75%
1960 – A military coup removes President Celâl Bayar and the rest of the democratic government from office in which country ?Turkey
75%
1922 – Christopher Lee, English actor, is born on this day. What character is he best known for portraying ?Count Dracula
50%
1984 – Which canal is opened after over 30 years construction ?Danube - Black Sea Canal
50%
1998 – Oklahoma City bombing: Michael Fortier is sentenced to 12 years in prison and fined $200,000 for what ?Failing to inform authorities about the attack
50%
1941 – World War II: The German battleship Bismarck is sunk in which body of water ?North Atlantic
50%
1975 – Dibbles Bridge coach crash kills 33 – the highest ever death toll in a road accident in the United Kingdom. In what county ?North Yorkshire
50%
2017 – Andrew Scheer takes over after Rona Ambrose as the leader of the Conservative Party of which country ?Canada
25%
1930 – Which building in New York City, the tallest man-made structure at the time, opens to the public ?Chrysler Building
25%
1153 – Malcolm IV becomes King of Scotland. What was his nickname ?Virgo
25%
1798 – The Battle of Oulart Hill takes place in which county of Ireland ?Wexford
25%
What food is celebrated on this day in the USA ?National Italian Beef Day
0%
1933 – The Walt Disney Company releases which cartoon ?Three Little Pigs
0%

Score Distribution

Percentile by Number Answered

Percent of People with Each Score

Your Score History

You have not taken this quiz